logo

Bir Sreshtho Munshi Abdur Rouf Library
Jhenaidah Cadet College

তুমি থেকো একলা মনে / (Record no. 13601)

MARC details
000 -LEADER
fixed length control field 00675nam a2200229 a 4500
001 - CONTROL NUMBER
JCCL Control Number 13601
003 - CONTROL NUMBER IDENTIFIER
JCCL marc code BD-JhCC
005 - DATE AND TIME OF LATEST TRANSACTION
control field 20240302164314.0
008 - FIXED-LENGTH DATA ELEMENTS--GENERAL INFORMATION
fixed length control field 171128s2019 bg |||| ||a| 000 0 ben d
020 ## - INTERNATIONAL STANDARD BOOK NUMBER
International Standard Book Number 9789849310570
035 ## - SYSTEM CONTROL NUMBER
system control number (BD-JhCC)13601
040 ## - CATALOGING SOURCE
Original cataloging agency BD-JhCC
Modifying agency BD-JhCC
041 ## - LANGUAGE CODE
Language code of Book bengali
082 ## - DEWEY DECIMAL CLASSIFICATION NUMBER
Classification number 891.443
Author mark and Year ASL 2019
100 ## - MAIN ENTRY--PERSONAL NAME
Personal name আসলাম, সুমন্ত
245 ## - TITLE STATEMENT
Title তুমি থেকো একলা মনে /
Statement of responsibility, etc সুমন্ত আসলাম ।
260 ## - PUBLICATION, DISTRIBUTION, ETC. (IMPRINT)
Place of publication, distribution, etc ঢাকা :
Name of publisher, distributor, etc কাকলী প্রকাশনী,
Date of publication, distribution, etc 2019.
300 ## - PHYSICAL DESCRIPTION
Pagination 304 p. :
Dimensions 22 cm.
650 ## - SUBJECT ADDED ENTRY--TOPICAL TERM
Topical term or geographic name as entry element Bengali Novel
942 ## - ADDED ENTRY ELEMENTS (KOHA)
Source of classification or shelving scheme Dewey Decimal Classification
Koha item type Books
Holdings
Source of classification or shelving scheme Damaged status Not for loan Home library Current library Shelving location Date of accession Cost, normal purchase price Total Checkouts Full call number Barcode Date last seen Date checked out Copy number Method of acquisition Koha item type Currency Checked out
Dewey Decimal Classification     JCC Rouf Library JCC Rouf Library General Stacks   500.00 9 891.443 ASL 2019 18791 11/11/2025 11/04/2025 C-1 Purchase Books BDT  
Dewey Decimal Classification     JCC Rouf Library JCC Rouf Library General Stacks   500.00 5 891.443 ASL 2019 18792 01/29/2026 01/29/2026 C-2 Purchase Books BDT 02/24/2026

JCC Library | Contacts | JCC Home

Last Update on 23 September 2017
Copyright @ 2017-2020 JCC Rouf Library
Rouf Library, Jhenidah Cadet College (JCC), Bangladesh